The woman's guide to navigating the Ph.D. in engineering & science
Survive and thrive in graduate school. Designed to unravel some of the mystery around graduate school programs in science and engineering, this one-stop resource reinforces strategies for succeeding. Qualitative interviews offer first-hand stories and tips from women who have found success in academ...
Na minha lista:
| Autor principal: | |
|---|---|
| Formato: | Livro |
| Idioma: | Undetermined |
| Publicado em: |
New York
IEEE Press
2001
|
| Assuntos: | |
| Tags: |
Adicionar Tag
Sem tags, seja o primeiro a adicionar uma tag!
|
| Thư viện lưu trữ: | Trung tâm Học liệu Trường Đại học Cần Thơ |
|---|
| LEADER | 01556nam a2200217Ia 4500 | ||
|---|---|---|---|
| 001 | CTU_165814 | ||
| 008 | 210402s9999 xx 000 0 und d | ||
| 020 | |c 53.99 | ||
| 082 | |a 620.0071173 | ||
| 082 | |b L431 | ||
| 100 | |a Lazarus, Barbara B. | ||
| 245 | 4 | |a The woman's guide to navigating the Ph.D. in engineering & science | |
| 245 | 0 | |c Barbara B. Lazarus, Lisa M. Ritter, Susan A. Ambrose | |
| 260 | |a New York | ||
| 260 | |b IEEE Press | ||
| 260 | |c 2001 | ||
| 520 | |a Survive and thrive in graduate school. Designed to unravel some of the mystery around graduate school programs in science and engineering, this one-stop resource reinforces strategies for succeeding. Qualitative interviews offer first-hand stories and tips from women who have found success in academia, industry, and the public sector. Each chapter covers a different aspect of graduate school, from identifying funding sources, to writing the dissertation, to looking for a job. THE WOMAN'S GUIDE TO NAVIGATING THE PH.D. IN ENGINEERING & SCIENCE also focuses on the emotional and social difficulties women may experience, and offers practical suggestions and advice for surviving and thriving in graduate school. | ||
| 650 | |a Women engineers,Women scientists,Engineering,Science,Nữ kỹ sư,Nhà khoa học nữ,Kỹ thuật,Khoa học | ||
| 650 | |x Study and teaching (Higher),Study and teaching (Higher),Học và dạy (cấp cao hơn),Học và dạy (cấp cao hơn) | ||
| 904 | |i Yen,Qhieu | ||
| 980 | |a Trung tâm Học liệu Trường Đại học Cần Thơ | ||